000 00592cam a2200217 4500
001 J2044
008 090401t1994 xxu||||| |||| 00| 0 eng d
035 _a(Sirsi) u46871
041 _aeng
050 _a333.337
110 _aWeatherall Green and Smith
_92055
245 _aRegional office rent survey. - No. 7 (January 1994) - No. 9 (December 1994)
260 _aLondon
_bWeatherall Green & Smith
_c1994
300 _a3 pt. ; 30cm.
350 _a0
650 _aOFFICES
650 _aREGIONAL OFFICES
690 _aPROPERTY-COMMERCIAL PROPERTY
942 _n0
948 _c04/03/1997
999 _c92026
_d92026